Longest Countries - Statistics

General Stats
  • This quiz has been taken 4,261 times
  • The average score is 17 of 20
Answer Stats
km country miles % Correct
7856 Russia 4881
99%
4997 Canada 3105
98%
4634 United States 2879
98%
4881 China 3033
97%
4405 Brazil 2737
96%
4050 Australia 2517
94%
2996 India 1862
94%
3415 Argentina 2122
93%
4054 Chile 2519
93%
3333 Mexico 2071
91%
2365 Dem Rep Congo 1470
86%
2143 Algeria 1331
84%
2955 Kazakhstan 1836
82%
2401 Mongolia 1492
81%
2275 Saudi Arabia 1413
81%
2271 Iran 1411
77%
2101 Peru 1305
72%
2070 Myanmar 1286
53%
2019 Mozambique 1255
51%
2651 Greenland 1647
33%
No matching quizzes found
Score Distribution
Percent of People with Each Score
Percentile by Number Answered
Your Score History
You have not taken this quiz